000 00563nam a2200217Ia 4500
003 OSt
005 20220926042422.0
006 a|||||r|||| 00| 0
007 ta
008 220923b |||||||| |||| 00| 0 eng d
037 _cGeneral Book
040 _aRTL
_cRTL
_beng
041 _2eng
_aeng
082 _aX9.3.N1, D
100 _aUnwin Geogre
_9346246
245 0 _aGilds and companies of London
490 _aAntiquary's books
650 _aIndustrial Economics
942 _hX9.3.N1, D
_cGB
_2CC
999 _c669677
_d669677